000 01151nam a22003257a 4500
003 CHAP
005 20220329135521.0
008 971013s1975 r 00010 d
010 _a37906
011 _a38878
035 _a42998
040 _cCHAP
090 _aTesis
100 0 0 _aQuintana Guerrero, J. Jesús.
_993362
245 _aFluctuación de las poblaciones de los insectos que atacan al capítulo del girasol (Helianthus annuus, L.) en lotes no tratados, en Apodaca, N. L.
260 _aMonterrey, N. L. :
_bEl autor,
_c1975
300 _a94 h.
_b; gráfs.
502 _aTesis (Ing. Agr. Fitotecnista) -- ITESM. División de Ciencias Agropecuarias y Marítimas
590 _aALEPH
_b10
_c20130110
_lUCH01
_h1303
590 _aBATCH-UPD
_b10
_c20130109
_lUCH01
_h2312
590 _aBATCH-UPD
_b10
_c20130110
_lUCH01
_h1631
590 _aBATCH-UPD
_b10
_c20130410
_lUCH01
_h1023
590 _aBATCH-UPD
_b10
_c20130914
_lUCH01
_h1543
590 _aCONVERSION
_b10
_c20130109
_lUCH01
_h1321
650 1 4 _aGirasol
_xPlagas.
_948168
650 1 4 _aInsecticidas.
_958855
901 _aBK
942 _cTESIS
949 _bBC
_cTES
_d-98808
_eTS1
_i42998
_si
999 _c37906
_d37906